| 000 | 00809caa a22002417a 4500 | ||
|---|---|---|---|
| 999 |
_c419354 _d419354 |
||
| 001 | 130994 | ||
| 003 | UA-OsUOA | ||
| 005 | 20200123121445.0 | ||
| 007 | ta | ||
| 008 | 20180521b un ||||| |||| 00| 0 ukr d | ||
| 040 |
_aUA-OsUOA _bukr _cUA-OsUOA _dUA-OsUOA |
||
| 041 | _aukr | ||
| 080 | _a908 | ||
| 090 |
_a908 _bВ54 |
||
| 100 | _aВихованець В. | ||
| 245 |
_aЗаслав і повіт: заможність і слава _cВ. Вихованець |
||
| 300 | _aС. 23–32 | ||
| 650 | 7 | _2UDC | |
| 773 | 0 |
_0394384 _9414622 _dНетішин МКМ 2011 _o146631 _tВісник Нетішинського краєзнавчого музею _w(UA-OsUOA) 108500 _z978-966-2254-43-3 |
|
| 942 |
_cBKA _2udc |
||
| 955 | _a1 | ||